000 00774nam a22002417a 4500
003 UA-OsUOA
001 47171
007 ta
008 20120605b un ||||| |||| 00| 0 ukr d
100 _aВассиян Ю.
090 _a82(477)
_bВ19
942 _cBK
040 _aUA-OsUOA
_bukr
_cUA-OsUOA
_dUA-OsUOA
245 _aТвори.
_bТ.3
_cТворець із землі зроджений Василь Стефаник
300 _a127 с.
955 _a1
041 _aukr
080 _a82(477)
260 _aТоронто
_b"Євшан-зілля"
_c1974
650 7 _a82 Література. Літературознавство
_2UDC
999 _c427277
_d427277